[Event "FRA-chT4 0405"]
[Site "Bretagne"]
[Date "2005.04.03"]
[Round "7"]
[White "Hubert, Lucas"]
[Black "Padelli, Mael"]
[Result "1/2-1/2"]
[WhiteElo "1790"]
[BlackElo "2111"]
[PlyCount "72"]
[EventDate "2004.04.03"]
[EventType "team"]
[EventRounds "7"]
[EventCountry "FRA"]
[SourceTitle "EXT 2007"]
[Source "ChessBase"]
[SourceDate "2006.11.23"]
[SourceVersion "1"]
[SourceVersionDate "2006.11.23"]
[SourceQuality "1"]

1. d4 Nf6 2. c4 g6 3. Nc3 Bg7 4. e4 d6 5. f3 0-0 6. Bd3 Nc6 7. Nge2 a6 8. 0-0 Rb8 9. a3 Nd7 10. Be3 e5 11. d5 Nd4 12. Bf2 c5 13. dxc6 bxc6 14. b4 Ne6 15. Rb1 f5 16. b5 c5 17. Nd5 fxe4 18. Bxe4 Nf6 19. Nec3 Nd4 20. Bxd4 exd4 21. Nxf6+ Bxf6 22. Nd5 Bb7 23. Nxf6+ Qxf6 24. Bxb7 Rxb7 25. bxa6 Ra7 26. Qa4 Rfa8 27. Rb6 d3 28. Qc6 Qd4+ 29. Kh1 Qxc4 30. Qxd6 Rxa6 31. Rxa6 Rxa6 32. Qd8+ Kg7 33. Qe7+ Qf7 34. Qxc5 Qa7 35. Qc3+ Kg8 36. Qxd3 Rxa3 1/2-1/2

[Event "FRA-chT3 0405"]
[Site "France"]
[Date "2004.11.07"]
[Round "2"]
[White "Annetti, Laurent"]
[Black "Padelli, Mael"]
[Result "1-0"]
[WhiteElo "1989"]
[BlackElo "2111"]
[PlyCount "81"]
[EventDate "2004.10.10"]
[EventType "team"]
[EventRounds "9"]
[EventCountry "FRA"]
[SourceTitle "EXT 2007"]
[Source "ChessBase"]
[SourceDate "2006.11.23"]
[SourceVersion "1"]
[SourceVersionDate "2006.11.23"]
[SourceQuality "1"]

1. e4 c5 2. d4 cxd4 3. c3 Nf6 4. e5 Nd5 5. cxd4 d6 6. Nf3 Nc6 7. Nc3 Nxc3 8. bxc3 e6 9. exd6 Bxd6 10. Bd3 Qc7 11. 0-0 0-0 12. Re1 e5 13. d5 Na5 14. Qe2 Re8 15. Nd4 Bd7 16. Nb5 Bxb5 17. Bxb5 Rf8 18. g4 Rac8 19. Bd3 f6 20. Bf5 Rcd8 21. Be6+ Kh8 22. Qc2 Bc5 23. Be3 Nc4 24. Rad1 Bxe3 25. fxe3 Nd6 26. Rf1 g6 27. h4 Qg7 28. Rf3 Qh6 29. Rh3 f5 30. g5 Qg7 31. Kg2 e4 32. h5 f4 33. hxg6 f3+ 34. Kf2 Qxg6 35. Rdh1 Nf7 36. Rxh7+ Qxh7 37. Rxh7+ Kxh7 38. Qxe4+ Kg7 39. Qd4+ Kh7 40. Qf6 Rde8 41. Bf5+ 1-0

[Event "FRA-chT4 0304"]
[Site "Bretagne"]
[Date "2004.01.18"]
[Round "4"]
[White "Yche, Michel"]
[Black "Padelli, Mael"]
[Result "1/2-1/2"]
[WhiteElo "2070"]
[BlackElo "2180"]
[PlyCount "90"]
[EventDate "2003.10.12"]
[EventType "team"]
[EventRounds "9"]
[EventCountry "FRA"]
[SourceTitle "EXT 2005"]
[Source "ChessBase"]
[SourceDate "2004.11.15"]
[SourceVersion "1"]
[SourceVersionDate "2004.11.15"]
[SourceQuality "1"]

1. e4 c5 2. b3 Nc6 3. Bb2 d6 4. f4 e5 5. Nf3 Bg4 6. h3 Bxf3 7. Qxf3 a6 8. Bc4 Nf6 9. g4 b5 10. Bxf7+ Kxf7 11. fxe5 dxe5 12. g5 Nd4 13. Bxd4 cxd4 14. Rf1 Be7 15. Qh5+ g6 16. Qg4 Rf8 17. a4 b4 18. d3 Kg7 19. gxf6+ Bxf6 20. Nd2 Bh4+ 21. Ke2 Qe7 22. Nc4 h5 23. Qg2 Bf6 24. Rf3 Rf7 25. Rg1 g5 26. Rf5 Kh6 27. Nxe5 Bxe5 28. Rxf7 Qxf7 29. Qxg5+ Kh7 30. Qxe5 Rc8 31. Qf5+ Qxf5 32. exf5 Rxc2+ 33. Kf3 Rc3 34. Ke4 Rxb3 35. f6 Rc3 36. f7 Rc8 37. Ke5 b3 38. Ke6 Rb8 39. Rg2 Rb6+ 40. Ke5 Rb8 41. Kxd4 Rf8 42. Kc3 Rxf7 43. Kxb3 Rf3 44. Kc4 Rxh3 45. d4 Ra3 1/2-1/2

[Event "FRA-chT4 0304"]
[Site "Bretagne"]
[Date "2003.11.16"]
[Round "2"]
[White "Mahe, Romain"]
[Black "Padelli, Mael"]
[Result "0-1"]
[WhiteElo "1850"]
[BlackElo "1930"]
[PlyCount "112"]
[EventDate "2003.10.12"]
[EventType "team"]
[EventRounds "9"]
[EventCountry "FRA"]
[SourceTitle "EXT 2005"]
[Source "ChessBase"]
[SourceDate "2004.11.15"]
[SourceVersion "1"]
[SourceVersionDate "2004.11.15"]
[SourceQuality "1"]

1. e4 c5 2. Nf3 d6 3. d4 cxd4 4. Nxd4 Nf6 5. Bc4 g6 6. Nc3 Bg7 7. f3 0-0 8. Be3 Nc6 9. Qd2 Bd7 10. 0-0-0 Qa5 11. g4 Rfc8 12. Bb3 Ne5 13. g5 Nh5 14. Nd5 Qxd2+ 15. Rxd2 Kf8 16. Rf1 Nc4 17. Bxc4 Rxc4 18. Nb3 Be6 19. Bd4 Bxd4 20. Rxd4 Rxd4 21. Nxd4 Bxd5 22. exd5 Nf4 23. c4 Rc8 24. b3 Nxd5 25. Kd2 Nf4 26. Ke3 e5 27. Rd1 Ke7 28. Nb5 Rd8 29. Nc3 Ke6 30. Ne4 b6 31. Nf6 h6 32. Ne4 h5 33. a3 d5 34. cxd5+ Rxd5 35. Rxd5 Nxd5+ 36. Kd3 Nf4+ 37. Kc4 a6 38. a4 Ne2 39. h4 Nd4 40. f4 b5+ 41. Kb4 exf4 42. Nc5+ Kd6 43. Ne4+ Ke5 44. Nf2 f3 45. Kc3 Nf5 46. Kb4 Kf4 47. Ka5 bxa4 48. bxa4 Ke3 49. Nh3 Kd4 50. Kxa6 Kc5 51. a5 Kc6 52. Ka7 Kc7 53. Ka8 Nxh4 54. a6 Ng2 55. a7 Ne3 56. Nf2 Nc4 0-1

[Event "Morbihan-ch 0102"]
[Site "Morbihan"]
[Date "2001.11.24"]
[Round "2"]
[White "Padelli, Mael"]
[Black "Le Gal, Loic"]
[Result "1-0"]
[WhiteElo "1570"]
[BlackElo "1470"]
[PlyCount "95"]
[EventDate "2001.10.20"]
[EventType "swiss"]
[EventRounds "7"]
[EventCountry "FRA"]
[SourceTitle "EXT 2005"]
[Source "ChessBase"]
[SourceDate "2004.11.15"]
[SourceVersion "1"]
[SourceVersionDate "2004.11.15"]
[SourceQuality "1"]

1. Nf3 d5 2. g3 c5 3. d3 Nc6 4. Bg2 b5 5. Nbd2 Bb7 6. 0-0 e6 7. b3 b4 8. Bb2 Nf6 9. c4 g6 10. d4 cxd4 11. cxd5 Nxd5 12. Nxd4 Qf6 13. Ne4 Qe5 14. Rb1 Nc3 15. Nxc3 Nxd4 16. Bxb7 bxc3 17. Bxa8 cxb2 18. e3 Nf5 19. Bc6+ Ke7 20. Qd7+ Kf6 21. Rfd1 Bc5 22. Qd3 Rc8 23. Bg2 Ba3 24. Be4 Ne7 25. Qd4 Qxd4 26. exd4 h6 27. Kg2 Rc3 28. Rd3 Rc1 29. Rf3+ Kg7 30. b4 Bxb4 31. Rxb2 a5 32. Rc2 Rd1 33. Rd3 Re1 34. Re3 Rd1 35. Rd3 Re1 36. Rc7 Rxe4 37. a3 Nd5 38. axb4 Nxc7 39. bxa5 Kf6 40. Kf1 Nb5 41. a6 Nxd4 42. a7 Nc2 43. a8Q Re1+ 44. Kg2 Ra1 45. Qf3+ Kg7 46. Rd1 Ne1+ 47. Rxe1 Rxe1 48. Qc3+ 1-0

[Event "Fouesnant op 07th"]
[Site "Fouesnant"]
[Date "2001.10.27"]
[Round "1"]
[White "Le Du, Michel"]
[Black "Padelli, Mael"]
[Result "0-1"]
[WhiteElo "2058"]
[BlackElo "1570"]
[PlyCount "110"]
[EventDate "2001.10.27"]
[EventType "swiss"]
[EventRounds "7"]
[EventCountry "FRA"]
[SourceTitle "EXT 2003"]
[Source "ChessBase"]
[SourceDate "2002.11.25"]
[SourceVersion "1"]
[SourceVersionDate "2002.11.25"]
[SourceQuality "1"]

1. e4 c5 2. Nc3 d6 3. g3 g6 4. Bg2 Bg7 5. d3 Nc6 6. Be3 Nf6 7. h3 0-0 8. Qd2 Re8 9. Nge2 Rb8 10. 0-0 b5 11. f4 b4 12. Nd1 Bb7 13. g4 Nd7 14. Ng3 Qc7 15. c3 a5 16. Nf2 a4 17. d4 bxc3 18. bxc3 Ba6 19. Rfc1 Na5 20. Qc2 Nc4 21. Nf1 Nxe3 22. Nxe3 cxd4 23. Nd5 Qa5 24. cxd4 Bxd4 25. Rab1 Rxb1 26. Rxb1 Bxf2+ 27. Qxf2 Qc5 28. Qxc5 Nxc5 29. Nc7 Rc8 30. Nxa6 Nxa6 31. Bf1 Nc5 32. Rb4 Rc7 33. Kf2 Rb7 34. Rxb7 Nxb7 35. Ke3 e5 36. Bb5 Nc5 37. Bc6 a3 38. fxe5 dxe5 39. Kd2 g5 40. Kc3 Ne6 41. Kb4 Nf4 42. Bd7 Nxh3 43. Kxa3 Nf2 44. Bf5 h5 45. gxh5 g4 46. Bxg4 Nxg4 47. Kb4 Nf6 48. Kc5 Nxe4+ 49. Kd5 Nc3+ 50. Kxe5 Nxa2 51. Kf6 Nc3 52. h6 Ne4+ 53. Kf5 Nd6+ 54. Kf6 Kh7 55. Ke5 Ne8 0-1